Score 0/20 Timer 02:00
1 Play Today
TV Show Missing T or V Word % Correct
___ and a Half MenTwo
97.8%
The Big Bang ___Theory
97.5%
The Dick ___ Dyke ShowVan
94.7%
Once Upon a ___Time
94.3%
Las ___Vegas
91.6%
Miami ___Vice
91.6%
___ BloodTrue
86.8%
Law & Order: Special ___ UnitVictims
83.8%
Without a ___Trace
79.8%
The ___ ZoneTwilight
78%
TV Show Missing T or V Word % Correct
The ___ DiariesVampire
73.7%
___ from the CryptTales
71.1%
___ GearTop
67.2%
The Secret Life of the American ___Teenager
65.9%
Game of ___Thrones
64.2%
___ MarsVeronica
58.2%
Star Trek: ___Voyager
44.7%
The ___ of DibleyVicar
23.5%
The ___ Bros.Venture
11.2%
___ LaughlinViva
5.1%

Today's Daily Dose

Remove Ads.
Support Sporcle.
Get the best of Sporcle when you Go Orange. This ad-free experience offers more features, more stats, and more fun while also helping to support Sporcle. Thank you for becoming a member.

You're not logged in!

Compare scores with friends on all Sporcle quizzes.
OR
Log In

Show Comments

Extras

Top Quizzes Today


Score Distribution

Your Account Isn't Verified!

In order to create a playlist on Sporcle, you need to verify the email address you used during registration. Go to your Sporcle Settings to finish the process.

Report this User

Report this user for behavior that violates our Community Guidelines.

Details: